Представление документа в формате RUSMARC

ПолеНазваниеЗначение
  Тип записи a
  Библиографический уровень a
001 Контрольный номер RU/CBS_UL/BASE/592245452
005 Дата корректировки 20240209175230.3
100 Данные общей обработки __
a Данные общей обработки 20181007d2018 ||| 0rusy0189 ca
101 Язык документа 0_
a Язык текста rus
102 Страна публикации __
a Страна публикации RU
105 Кодированные данные (монография) __
a Кодированные данные (монография) y###||||000|y
200 Заглавие и сведения об ответственности 1_
a Заглавие Евгений Кулик - тюфяк из "Острова"
b Общее обозначение материала Текст
e Сведения, относящиеся к заглавию [интервью с российским актером]
300 Общие примечания __
a Общие примечания Ограничения по возрасту - 12+
461 Уровень набора _0
1 2000
a Мне 15
463 Уровень физической единицы _0
1 001RU/CBS_UL/BASE/592242016
1 2000
a № 7
v С. 28-29
1 210
d 2018
600 Персоналии _0
a Персоналии (Фамилия) Кулик
b Персоналии (Имя, инициалы) Е.С.
606 Тематические рубрики 0_
a Основная рубрика Киноактеры российские
610 Ключевые слова 0_
a Ключевые слова актеры
610 Ключевые слова 0_
a Ключевые слова киноактеры
610 Ключевые слова 0_
a Ключевые слова телесериалы
610 Ключевые слова 0_
a Ключевые слова интервью с актерами
686 Индексы других классификаций __
a Классификационный индекс 85.374(2)
2 Код системы ББК
801 Источник записи _0
a Страна RU
b Организация МБУК ЦБС г. Ульяновска
c Дата составления 20181007
g Правила каталогизации RCR
801 Источник записи _1
a Страна RU
b Организация МБУК ЦБС г. Ульяновска
c Дата составления 20181007
g Правила каталогизации RCR
901 Тип документа __
t Тип документа b
w Контрольный № источника RU/CBS_UL/BASE/592242016
910 Корректоры записи __
a Корректор записи lib7-2
938 Служебная информация __
a Имя БД period